[Event "Rheinhausen-ch 13th"]
[Site "Duisburg Rheinhausen"]
[Date "2009.02.27"]
[Round "5"]
[White "Heinert, Eugen"]
[Black "Pusch, Thomas"]
[Result "1-0"]
[WhiteElo "1931"]
[BlackElo "1873"]
[PlyCount "107"]
[EventDate "2009.01.09"]
[EventType "swiss"]
[EventRounds "7"]
[EventCountry "GER"]
[SourceTitle "EXT 2018"]
[Source "ChessBase"]
[SourceDate "2017.10.13"]
[SourceVersion "1"]
[SourceVersionDate "2017.10.13"]
[SourceQuality "1"]

1. d4 Nf6 2. Nf3 e6 3. c4 b6 4. e3 Bb7 5. Bd3 Be7 6. b3 0-0 7. 0-0 d5 8. Bb2 Nbd7 9. Qe2 Ne4 10. Nfd2 Bd6 11. Nc3 Nxd2 12. Qxd2 dxc4 13. bxc4 Bxh2+ 14. Kxh2 Qh4+ 15. Kg1 Bxg2 16. f3 Qh1+ 17. Kf2 Bxf1 18. Rxf1 Qh2+ 19. Ke1 Qxd2+ 20. Kxd2 Rad8 21. Ke2 c5 22. d5 Ne5 23. Ne4 Nxd3 24. Nf6+ Kh8 25. Kxd3 exd5 26. Nxd5 f6 27. e4 Kg8 28. f4 a6 29. f5 b5 30. Ba3 b4 31. Bc1 Rb8 32. Kc2 Rfe8 33. Re1 Rb7 34. Bf4 Kf7 35. Nc7 Rc8 36. Nd5 g5 37. Bc1 h5 38. Bb2 Rc6 39. Rh1 h4 40. Kd2 Rb8 41. Ke3 a5 42. Kf3 a4 43. Rb1 a3 44. Ba1 Ra6 45. Rb3 Rh8 46. Kg4 Rg8 47. Rd3 Rd6 48. e5 fxe5 49. Bxe5 Rh6 50. Nc7 Ke7 51. f6+ Rxf6 52. Nd5+ Ke6 53. Bxf6 Rb8 54. Kxg5 1-0

[Event "Rheinhausen-ch 12th"]
[Site "Duisburg Rheinhausen"]
[Date "2008.02.29"]
[Round "6"]
[White "Rivinius, Otto"]
[Black "Pusch, Thomas"]
[Result "1-0"]
[WhiteElo "1814"]
[BlackElo "1799"]
[PlyCount "93"]
[EventDate "2008.01.11"]
[EventType "swiss"]
[EventRounds "7"]
[EventCountry "GER"]
[SourceTitle "EXT 2018"]
[Source "ChessBase"]
[SourceDate "2017.10.13"]
[SourceVersion "1"]
[SourceVersionDate "2017.10.13"]
[SourceQuality "1"]

1. e4 c5 2. Nf3 Nc6 3. d4 cxd4 4. Nxd4 Nf6 5. Nc3 e5 6. Ndb5 d6 7. Nd5 Nxd5 8. exd5 Nb8 9. Qf3 a6 10. Qa3 Be7 11. Bg5 Bxg5 12. Nxd6+ Kf8 13. Nxc8+ Kg8 14. Nd6 Be7 15. Nxb7 Bxa3 16. Nxd8 Bxb2 17. Rb1 Bc3+ 18. Kd1 Nd7 19. Nc6 Nc5 20. h4 e4 21. Rh3 Bf6 22. Ra3 g6 23. Ra5 Nd7 24. Rxa6 Rxa6 25. Bxa6 Bxh4 26. g3 Bf6 27. d6 Kg7 28. Bc4 Rc8 29. Bd5 Nc5 30. Rb5 Na4 31. d7 Rxc6 32. Bxc6 Nc3+ 33. Kd2 Nxb5 34. Bxb5 Bd8 35. Ke3 f5 36. Kd4 Kf6 37. Kd5 Ke7 38. Kc6 Ba5 39. c4 Kd8 40. c5 Be1 41. a4 g5 42. Kb6 f4 43. gxf4 gxf4 44. a5 Bxa5+ 45. Kxa5 Kc7 46. c6 h5 47. d8Q+ 1-0